| 000 | 01171nam a2200265 i 4500 | ||
|---|---|---|---|
| 001 | 30534 | ||
| 003 | ES-MaACL | ||
| 005 | 20250402170255.0 | ||
| 007 | t| | ||
| 008 | 030124s1948 mx ||||1| spa d | ||
| 100 | 1 |
_aBaykov, Alexander. _926669 |
|
| 245 | 1 | 0 |
_aHistoria de la economía soviética / _cAlexander Baykov ; versión española de Hernán Laborde. |
| 250 | _a[1a ed. en español]. | ||
| 260 |
_aMéxico, etc. : _bFondo de Cultura Económica, _c[1948] ( _fGráf. Panamericana) |
||
| 300 |
_a527 p. ; _c24 cm. |
||
| 510 |
_aCCPB, _c001051805-3 |
||
| 651 | 4 |
_99477 _aURSS- _xPolítica económica |
|
| 651 | 7 |
_9167716 _aURSS- _vHistoria _xSituación económica- |
|
| 700 | 1 |
_aLaborde, Hernán. _969249 |
|
| 852 |
_aES-MaACL _jD-6530 _bR.31398 _bR.M. 6121 _931677 _cSVI _fSello en tinta azul de la Biblioteca del Ateneo de Madrid _gAnotación manuscrita en hoja de guarda: "140.-" _gAnotación manuscrita en cubierta: "15" _zEn cubierta: "15. NOV. 1951" |
||
| 942 |
_2udc _cMONOGRAFIA |
||
| 999 |
_c30534 _d30534 |
||